000 00501nam a2200181Ia 4500
999 _c5686
_d5686
003 OSt
005 20200128095823.0
008 190216s9999||||xx |||||||||||||| ||und||
020 _a8170141362
040 _coclc
082 _a658.3
_bPRA/O
100 _aPrasad, L M
_91259
245 0 _aOrganisational Behaviour /
_cL M Prasad
250 _a2nd ed.
260 _bSulthan Chand And Sons,
_c1999.
_aNew Delhi:
300 _a550p
942 _cBK
_2ddc
_h658.3
_iPRA/O
_k658.3
_mPRA/O